Les célébrités dans les chansons de Soprano - Statistiques

Statistiques générales
  • Ce quiz a été pris 98 fois
  • Le résultat moyen est 9 sur 42
Statistiques - réponses
Hint Réponse % Correct
Jay-Z
71%
En feu Zinedine Zidane
68%
Michael Jackson
37%
Michael Jackson
37%
Nelson Mandela
37%
Coluche
36%
Mohamed Ali
33%
Ronaldo
33%
Hiro Martin Luther King
32%
Cosmo Messi
32%
Lady Diana
30%
Teddy Riner
29%
Barack Obama
28%
Gandhi
28%
Adolf Hitler
26%
Daniel Balavoine
26%
Beyoncé
24%
Monica Bellucci
24%
Diego Maradona
22%
Jean-Claude Van Damme
21%
LeBron James
20%
Omar Sy
18%
Rosa Parks
17%
Aaliyah
16%
Malcolm X
14%
Stephen Curry
13%
Michel Polnareff
13%
Moïse
13%
Fresh Prince Brad Pitt
12%
Emmanuel Adebayor
11%
Kanye West
11%
Freezer
9%
Jimi Hendrix
9%
Eddie Murphy
8%
Mahomet
5%
Kris Kross
4%
Ils nous connaissent Pas Mozart
4%
Pharell Williams
4%
Beethoven
3%
Samuel Eto'o
1%
Zoum Gareth Bale
1%
John Cofee
0%
Aucun quiz correspondant
Distribution des résultats
% des personnes avec chaque résultat
Percentile par nombre de réponses
Votre historique - résultats
Vous n’avez pas pris ce quiz